| 000 | 00764nam a2200253Ia 4500 | ||
|---|---|---|---|
| 003 | OSt | ||
| 005 | 20221006151243.0 | ||
| 006 | a|||||r|||| 00| 0 | ||
| 007 | ta | ||
| 008 | 221006b |||||||| |||| 00| 0 eng d | ||
| 024 | _a21,469 | ||
| 037 | _cSeries Articles | ||
| 040 |
_aEASL _cEASL _beng |
||
| 041 |
_2eng _aeng |
||
| 100 |
_aSmyth Russell _9658716 |
||
| 245 | 0 | _aEnterprise bankruptcies and the restructuring of China's state-owned sector Russell Smyth | |
| 260 |
_aLeiden _bSinological Institute, Leiden University The Netherlands _c1999 |
||
| 300 |
_a66-82 _ccm. |
||
| 490 | _v13 | ||
| 500 | _aIndex Vol. 13 (June 1998 - June 1999) on page 161 | ||
| 650 | _aChina | ||
| 942 |
_cREF _2CC |
||
| 999 |
_c1089555 _d1089555 |
||